00565nam a22001817a 450000500170000001000150001702000260003203500140005803700090007208200130008110000210009424501290011525000060024426000350025027000410028530000270032670000300035320241118130107.0 aENG-142577 c500.00a9788190676083 aEN-126109 bDBAD a305.421 aKavita, Panjabi  aWomen Contesting Culture:cEdited by Kavita, Panjabi [and] Paromita ChakravatibChanging Frames of Gender Politics in India/ a1 aKolkatabBhatkal & Sen, c2012 a16, Southern AvenuebKolkatae700026 alxxvi,381p. c21cm(pb) aPanjabi, Kavita, eEditor